Tribute to Lloyd Noland. (Record no. 38510)

MARC details
000 -LEADER
fixed length control field 00790cam a22002411 4500
001 - CONTROL NUMBER
control field med47002110
003 - CONTROL NUMBER IDENTIFIER
control field DLC
005 - DATE AND TIME OF LATEST TRANSACTION
control field 20260227111605.0
008 - FIXED-LENGTH DATA ELEMENTS--GENERAL INFORMATION
fixed length control field 810610s1947 aluac 000 0 eng c
010 ## - LIBRARY OF CONGRESS CONTROL NUMBER
LC control number med47002110
035 ## - SYSTEM CONTROL NUMBER
System control number (OCoLC)7492061
040 ## - CATALOGING SOURCE
Original cataloging agency U.S. Army Medical Library
Transcribing agency AU
Modifying agency TJoS-M
-- DLC
042 ## - AUTHENTICATION CODE
Authentication code premarc
050 00 - LIBRARY OF CONGRESS CALL NUMBER
Classification number RD41
Item number .N6
082 ## - DEWEY DECIMAL CLASSIFICATION NUMBER
Classification number 617.04
245 00 - TITLE STATEMENT
Title Tribute to Lloyd Noland.
Statement of responsibility, etc. Reunion volume, May sixteenth, nineteen hundred forty seven.
260 ## - PUBLICATION, DISTRIBUTION, ETC.
Place of publication, distribution, etc. Fairfield, Ala.,
Name of publisher, distributor, etc. Employees' Hospital Reunion Committee
Date of publication, distribution, etc. [1947]
300 ## - PHYSICAL DESCRIPTION
Extent x, 343 p.
Other physical details illus., ports.
Dimensions 24 cm.
650 #0 - SUBJECT ADDED ENTRY--TOPICAL TERM
Topical term or geographic name entry element Medicine.
650 #0 - SUBJECT ADDED ENTRY--TOPICAL TERM
Topical term or geographic name entry element Surgery.
600 10 - SUBJECT ADDED ENTRY--PERSONAL NAME
Personal name Noland, Lloyd,
Dates associated with a name 1880-
710 2# - ADDED ENTRY--CORPORATE NAME
Corporate name or jurisdiction name as entry element Tennessee Coal, Iron, and Railroad Company.
Subordinate unit Employees' Hospital, Fairfield, Ala.

No items available.

Powered by Koha